Florencia / (Record no. 166319)

MARC details
000 -LEADER
campo de control de longitud fija 00728nam a2200217 i 4500
001 - NÚMERO DE CONTROL
campo de control 166319
003 - IDENTIFICADOR DE NÚMERO DE CONTROL
campo de control ES-MaACL
005 - FECHA Y HORA DE LA ÚLTIMA TRANSACCIÓN
campo de control 20250809081725.0
008 - DATOS DE LONGITUD FIJA--INFORMACIÓN GENERAL
campo de control de longitud fija 190925q19201929it |||| | ita d
100 0# - ENTRADA PRINCIPAL--NOMBRE DE PERSONA
Nombre de persona Gauthiez, Pierre.
9 (RLIN) 56044
245 10 - MENCIÓN DEL TÍTULO
Título Florencia /
Mención de responsabilidad, etc. Pierre Gauthiez ; versión española de Joaquín Gallardo ; portada de W. F. Burger.
260 ## - PUBLICACIÓN, DISTRIBUCIÓN, ETC.
Lugar de publicación, distribución, etc. Barcelona :
Nombre del editor, distribuidor, etc. Edita,
Fecha de publicación, distribución, etc. [192-?]
300 ## - DESCRIPCIÓN FÍSICA
Extensión 160 p. :
Otras características físicas il. ;
Dimensiones 21 cm.
490 1# - MENCIÓN DE SERIE
Mención de serie Colección "Los bellos paises"
651 #4 - PUNTO DE ACCESO ADICIONAL DE MATERIA--NOMBRE GEOGRÁFICO
Nombre geográfico Florencia-
Subdivisión general Historia.
9 (RLIN) 137161
700 1# - ENTRADA AGREGADA--NOMBRE PERSONAL
Nombre de persona Gallardo, Joaquín
9 (RLIN) 53483
700 1# - ENTRADA AGREGADA--NOMBRE PERSONAL
Nombre de persona Burger, W. F.
9 (RLIN) 168329
830 00 - PUNTO DE ACCESO ADICIONAL DE SERIE-TÍTULO UNIFORME
Título uniforme Colección "Los bellos países"
9 (RLIN) 186773
852 ## - LOCALIZACIÓN
Ubicación ES-MaACL
Número de control de estantería P-862-6
Holdings
Estatus retirado Estado de pérdida Estado de daño No para préstamo Biblioteca de origen Biblioteca actual Ubicación en estantería Fecha de adquisición Fuente de adquisición Total de préstamos Signatura topográfica completa Código de barras Visto por última vez Precio de reemplazo Tipo de ítem Koha
        Biblioteca del Ateneo de Madrid Biblioteca del Ateneo de Madrid Depósito 2 25/09/2019     P-862-6 1201132 23/02/2023 23/02/2023 Libro impreso